000
00311nam a22000977a 4500
005
20250901165229.0
008
210224b ||||| |||| 00| 0 eng d
050
_a
QA911 .H84
245
_a
Schaum's outline of theory and problems of fluid dynamics
_c
HUGHES, WILLIAM F.
942
_2
lcc
_h
QA911 .H84 1967
999
_c
677
_d
677